| 000 | 01586nam a2200313 a 4500 | ||
|---|---|---|---|
| 003 | BLK | ||
| 005 | 20241030130516.0 | ||
| 007 | ta | ||
| 008 | 230815b bu |||||r|||| 00| | bu d | ||
| 020 | _a9789546265067 | ||
| 040 | _aBLK | ||
| 041 |
_aBUL _cBUL |
||
| 080 |
_9236197 _aПарапсихология. Нумерология. - Халюцинации, пророчества, предсказания, магии, демонология, телепатия, спиритизъм, илюзии, нумерология, мошеничество. Вж и 133 ; 398.4 ; 615.851 _b159.961 _z159.96 1 |
||
| 084 | _aВ 19 | ||
| 100 |
_9268403 _aВан Прааг, Джеймс |
||
| 245 |
_aМъдрост от вашите духовни водачи _bръководство за връзка с Великите учители на вашата душа _cДжеймс Ван Прааг ; прев. от англ. Светлана Николова |
||
| 260 |
_9209626 _aСофия _bАратрон _c2019 _fСофия: Монт |
||
| 300 |
_a204 с. _c20 см |
||
| 380 | _a1 | ||
| 500 | _aОриг. загл.: Wisdom from your spirit guides / James Van Praag. - За автора: с. 203-204 | ||
| 650 | 7 |
_9165687 _aПарапсихология |
|
| 653 |
_9196049 _aсамоусъвършенстване |
||
| 700 | 1 |
_aНиколова, Светлана Михайлова _9103313 |
|
| 852 |
_aЦб 319430 _bЦб |
||
| 856 |
_i0.00 _ldisable |
||
| 942 |
_cKNG _n0 _03 |
||
| 944 |
_a30560 _cГеновева Генчева _k30531 _lЦветелина Шанова |
||
| 999 |
_c494191 _d494191 |
||
| 999 | _d493599 | ||